000 01385nam a22003257a 4500
005 20170612110542.0
010 _aBAC-EN21 ENG-112039
020 _a9789350291887
_c599.00
035 _aEN-95571
035 _aB-582899-912
035 _aB-670033
037 _adpl
_bPansy Books
037 _bDBAD/PUB
082 _a787.2092
100 _aDevnath, Lakshmi
245 _aAn incurable romantic :
_bthe musical journey of Lalgudi Jayaraman /
_cby Lakshmi Devnath
260 _aNoida
_bHarper Collins Publishers
_c2013
270 _aA-53, Sector 57
_bNoida
_e201301
300 _axxii,435p.,12 pages of plates:
_bill.
_c22cm(pbk)
_e1CD-ROM
500 _a Includes bibliographical references and index.
520 _aLalgudi Gopalaiyar Jayaraman, born 1930, Indian Carnatic violinist, vocalist and composer.
600 _aJayaraman, Lalgudi G.
_d1930-
650 _a Violinists
_zIndia, South .
_vBiography
650 _aSingers
_zIndia, South
_vBiography
650 _aComposers
_zIndia, South
_vBiography
650 _a Carnatic music
_xHistory and criticism.
942 _2ddc
_cEN
_mDEV
_h787.2092
999 _c89230
_d89230